| 000 | 00698nam a2200229Ia 4500 | ||
|---|---|---|---|
| 999 |
_c20996 _d20996 |
||
| 003 | OSt | ||
| 005 | 20210918111259.0 | ||
| 008 | 160316s2003 xxu||||| |||| 00| 0 eng d | ||
| 020 | _a9780195664423 | ||
| 040 | _c. | ||
| 082 |
_a341.754000 _bBHA |
||
| 100 | _aBhagwati N | ||
| 245 | _aLectures on International Trade | ||
| 250 | _a2nd Ed | ||
| 260 |
_aNew Delhi _bOxford University Press _c2003 |
||
| 300 |
_a602p _cxi |
||
| 365 | _b Rs.750 | ||
| 650 | _a1. International Trade Law - Lectures | ||
| 700 |
_aPanagariya Arvind _aSrinivasan T N |
||
| 856 | _uhttps://www.google.co.in/books/edition/Lectures_on_International_Trade/8p0jEAAAQBAJ?hl=en&gbpv=1&printsec=frontcover | ||
| 942 |
_2ddc _cBK |
||